000 00406nam a22001337a 4500
082 _a823
_bSTI/M
100 _aGERONIMO STILTON: ELIZABETTA DAMI
245 _aGERONIMOSTILTON: THE MOUSE ISLAND MARATHONE
246 _aGERONIMOSTILTON: THE MOUSE ISLAND MARATHONE
_bGERONIMOSTILTON: THE MOUSE ISLAND MARATHONE
260 _aNEW YORK
_bSCHOLASTIC
_c2007
300 _a98
650 _aENGLISH STORY
942 _cBK
999 _c9135
_d9135